| 000 | 00000nas 2200000za 4500 |
| 001 | 9.846080 |
| 003 | CaOODSP |
| 005 | 20221107153120 |
| 007 | cr ||||||||||| |
| 008 | 171025d19741985oncmr p oss f0###a0eng|d |
| 022 | |y0319-8243 |
| 040 | |aCaOODSP|beng |
| 041 | |aeng|afre |
| 043 | |an-cn--- |
| 086 | 1 |aCS62-007-PDF |
| 245 | 00|aConstruction price statistics, monthly bulletin |h[electronic resource] / |cStatistics Canada, Prices Division = Statistiques des prix de la construction, bulletin mensuel / Statistique Canada, Division des prix. |
| 246 | 11|aStatistiques des prix de la construction, bulletin mensuel |
| 246 | 13|aStatistique des prix de la construction, bulletin mensuel|fJan. 1980-July 1980 |
| 246 | 13|aConstruction price statistics|fMay 1978-Feb. 1985 |
| 246 | 13|aStatistiques des prix de la construction|fMay 1978-Feb. 1985 |
| 260 | |a[Ottawa] : |bStatistics Canada = Statistique Canada, |c1974-1985. |
| 310 | |aMonthly |
| 362 | 0 |aVol. 1, no. 1 (Nov. 1974)-v. 12, no. 2 (Feb. 1985). |
| 500 | |aDigitized edition from print [produced by Statistics Canada]. |
| 546 | |aText in English and in French. |
| 580 | |aContinues in part: Construction price statistics (Service bulletin). |
| 580 | |aAbsorbed: Construction price statistics, quarterly report. |
| 692 | 07|2gccst|aConstruction industry |
| 710 | 1 |aCanada.|bStatistics Canada.|bPrices Division. |
| 785 | 00|tConstruction price statistics |w(CaOODSP)9.861935 |
| 792 | |tConstruction price statistics, monthly bulletin |efre|w(CaOODSP)9.846082 |